|
|
|
|
| LEADER |
00000nab a2200000 a 4500 |
| 001 |
vtls000654185 |
| 003 |
SK-MaSNL |
| 005 |
20260318122041.0 |
| 008 |
160405c1998 xo 0 hun |
| 015 |
|
|
|a SNBRA1998/02-03833
|
| 035 |
|
|
|a CLN000006378
|
| 040 |
|
|
|a SNKBUCL
|b slo
|c SNKBUCL
|e AACR2
|
| 041 |
0 |
|
|a hun
|
| 044 |
|
|
|a xo
|c SK
|
| 080 |
|
|
|a 943.7"1918/1938":323.1
|2 1997
|
| 080 |
|
|
|a 323.1(437=945.11)"1918/1938"
|2 1997
|
| 080 |
|
|
|a 943.7(=945.11)"1918/1938"
|2 1997
|
| 080 |
|
|
|a 943.76(=945.11)"1918/1938"
|2 1997
|
| 100 |
1 |
|
|a Popély, Gyula,
|d 1945-
|4 aut
|9 85478
|
| 245 |
1 |
0 |
|a Keleti Svájc?
|b Csehszlovákia magyarságpolitikája 1918-1938
|c Popély Gyula
|
| 300 |
|
|
|b Obr.
|
| 504 |
|
|
|a Bibliogr. odkazy
|
| 650 |
0 |
7 |
|a Maďari
|z Česko-Slovensko
|y 1918-1938
|2 snkbucl
|9 480307
|
| 651 |
|
7 |
|a Československo
|x dejiny
|y 1918-1938
|2 snkbucl
|9 13800
|
| 651 |
|
7 |
|a Československo
|x politika národnostná
|y 1918-1938
|2 snkbucl
|9 1500767
|
| 655 |
|
7 |
|a články z novín a časopisov
|2 snkbucl
|9 267496
|
| 773 |
0 |
|
|t Irodalmi szemle
|g Roč. 41, č. 1-2 (1998), s. 90-99
|
| 850 |
|
|
|a Slovenská národná knižnica v Martine
|
| 852 |
|
|
|a SNK
|b KIS3GCP
|
| 958 |
|
|
|a HU
|
| 958 |
|
|
|a SK
|
| 958 |
|
|
|a NB
|
| 958 |
|
|
|a RBX
|
| 999 |
|
|
|c 2995265
|d 2997195
|